000
00313nam a2200121Ia 4500
008
240624s9999 xx 000 0 und d
041
_a
eng
082
_a
658.4034 PAN
100
_a
PANNEERSELVAM R
245
_a
OPERATIONS RESEARCH
260
_c
2004
_a
New Delhi
_b
Prentice-Hall
300
_a
xiv, : 490 : p. : cm. ; 24
999
_c
5189
_d
5189